[Event "GBR-ch 91st"]
[Site "Scarborough"]
[Date "2004.08.11"]
[Round "9.15"]
[White "Howell, David W"]
[Black "Radovanovic, Jovica"]
[Result "1/2-1/2"]
[WhiteElo "2334"]
[BlackElo "2189"]
[PlyCount "129"]
[EventDate "2004.08.02"]
[EventType "swiss"]
[EventRounds "11"]
[EventCountry "GBR"]

1. e4 c5 2. c3 Nf6 3. e5 Nd5 4. d4 cxd4 5. Nf3 Nc6 6. cxd4 d6 7. Bc4 Nb6 8. Bb5
dxe5 9. Nxe5 Bd7 10. Nxd7 Qxd7 11. Nc3 e6 12. O-O Be7 13. Qg4 O-O 14. Bxc6 bxc6
15. Bh6 Bf6 16. Rfd1 Kh8 17. Ne4 Qe7 18. Bg5 Bxg5 19. Qxg5 Qxg5 20. Nxg5 Nd5
21. Rac1 Ne7 22. Rc5 a5 23. Kf1 Kg8 24. Ke2 Rfb8 (24... Rab8 {is given in the
bulletin but is unlikely - JS}) 25. Rd2 Rb6 26. Kd1 h6 27. Nf3 f6 28. Kc1 Kf7
29. Rdc2 Rb5 30. Nd2 Rd8 31. R2c4 Rxd4 32. Rxb5 Rxc4+ 33. Nxc4 cxb5 34. Nd6+
Kg6 35. Nxb5 Kf5 36. Nd6+ Kf4 37. Kc2 g5 38. Kb3 Ke5 39. Nf7+ Kd4 40. Kc2 h5
41. Nd8 e5 42. Kd2 e4 43. b3 h4 44. h3 Kd5 45. a3 Ng6 46. Ke2 Ne5 47. Ke3 f5
48. Kd2 f4 49. Ke2 Nc6 50. Nxc6 Kxc6 51. f3 e3 52. Kd3 Kd5 53. Kc3 Kd6 54. Kc2
Kd7 55. Kd3 Kd8 56. Kc2 Kc8 57. Kd3 Kb7 58. Kc2 Ka6 59. Kc3 Kb5 60. Kd3 Kc5 61.
Kc3 Kd5 62. Kd3 Kc5 63. Kc3 Kd5 64. Kd3 Kc5 65. Kc3 1/2-1/2

[Event "GBR-ch 91st"]
[Site "Scarborough"]
[Date "2004.08.11"]
[Round "9.16"]
[White "Sowray, Peter J"]
[Black "Sisask, Jesper"]
[Result "1/2-1/2"]
[WhiteElo "2349"]
[BlackElo "2057"]
[PlyCount "74"]
[EventDate "2004.08.02"]
[EventType "swiss"]
[EventRounds "11"]
[EventCountry "GBR"]

1. e4 e5 2. Nf3 Nf6 3. Nxe5 d6 4. Nf3 Nxe4 5. d4 d5 6. Bd3 Nc6 7. O-O Be7 8. c4
Nb4 9. Be2 Be6 10. Nc3 O-O 11. Be3 f5 12. a3 Nxc3 13. bxc3 Nc6 14. Rb1 Rb8 15.
cxd5 Bxd5 16. a4 Kh8 17. Qd2 Bd6 18. Bg5 Qd7 19. Rb5 Bxf3 20. Bxf3 f4 21. c4 h6
22. Qd3 hxg5 23. Rxg5 Rf6 24. Rh5+ Rh6 25. Qg6 Bf8 26. Re1 Nxd4 27. Bd5 Bb4 28.
Re4 Bc5 29. Rxh6+ gxh6 30. Qxh6+ Qh7 31. Qf6+ Qg7 32. Qh4+ Qh7 33. Qf6+ Qg7 34.
Qh4+ Qh7 35. Qf6+ Qg7 36. Qh4+ Qh7 37. Qf6+ Qg7 1/2-1/2

[Event "GBR-ch 91st"]
[Site "Scarborough"]
[Date "2004.08.11"]
[Round "9.18"]
[White "Storey, Charles"]
[Black "Hutchinson, Norman A"]
[Result "0-1"]
[WhiteElo "2217"]
[BlackElo "2176"]
[PlyCount "112"]
[EventDate "2004.08.02"]
[EventType "swiss"]
[EventRounds "11"]
[EventCountry "GBR"]

1. e4 c6 2. d4 d5 3. exd5 cxd5 4. c4 Nf6 5. Nc3 e6 6. Bg5 Bb4 7. Nf3 O-O 8. Qc2
Nc6 9. Rd1 Bxc3+ 10. bxc3 Qc7 11. Bxf6 gxf6 12. Bd3 dxc4 13. Bxh7+ Kg7 14. Be4
Ne7 15. Qd2 Bd7 16. h4 Bc6 17. Bb1 Rh8 18. h5 Rh6 19. Qe2 b5 20. Rh4 Rah8 21.
Nd2 f5 22. Nf1 Ng6 23. Rh2 Nf4 24. Qe3 Rxh5 25. Qg3+ Kf6 26. Rxh5 Rxh5 27. d5
Qe5+ 28. Kd2 Nxd5 29. Qxe5+ Kxe5 30. g3 Rh1 31. a3 Kf6 32. Bc2 Nb6 33. Ke2 Bg2
34. Ne3 Rxd1 35. Bxd1 Be4 36. Kd2 Nd5 37. Nxd5+ Bxd5 38. Ke3 Ke5 39. Bh5 f6 40.
Bf7 Kd6 41. Be8 Kc5 42. Bd7 a5 43. Kd2 b4 44. axb4+ axb4 45. cxb4+ Kxb4 46. Kc2
Be4+ 47. Kb2 e5 48. Bc8 c3+ 49. Kc1 Kc4 50. Kd1 Kc5 51. Ke2 Bc2 52. Ke3 Kb4 53.
f4 Kb3 54. fxe5 fxe5 55. g4 fxg4 56. Bxg4 Kb2 0-1

[Event "GBR-ch 91st"]
[Site "Scarborough"]
[Date "2004.08.11"]
[Round "9.19"]
[White "Gregory, Stephen J"]
[Black "Bigg, Andrew J"]
[Result "0-1"]
[WhiteElo "2180"]
[BlackElo "2275"]
[PlyCount "160"]
[EventDate "2004.08.02"]
[EventType "swiss"]
[EventRounds "11"]
[EventCountry "GBR"]

1. e4 e6 2. d3 d5 3. Nd2 Nf6 4. Ngf3 Nc6 5. g3 dxe4 6. dxe4 e5 7. Bg2 Bc5 8.
O-O O-O 9. Qe2 Qe7 10. Nb3 Bb6 11. h3 a5 12. c3 a4 13. Nbd2 Bc5 14. Nh4 b6 15.
Qf3 Ba6 16. Re1 Rfd8 17. Bf1 Qd7 18. Kg2 Bd3 19. g4 b5 20. g5 Ne8 21. Qg3 Bxf1+
22. Nxf1 Qd3 23. Be3 Qxe4+ 24. f3 Qc2+ 25. Qf2 Qxf2+ 26. Kxf2 Bxe3+ 27. Nxe3
Rd2+ 28. Re2 Rad8 29. Ke1 Rxe2+ 30. Kxe2 g6 31. Ng4 Kg7 32. Ng2 f5 33. gxf6+
Nxf6 34. Nxf6 Kxf6 35. b3 Ra8 36. b4 Rd8 37. Ne1 Ne7 38. Rc1 Nd5 39. c4 Nf4+
40. Ke3 Rd4 41. cxb5 Rxb4 42. Nd3 Nd5+ 43. Kf2 Rxb5 44. Kg3 Kf5 45. Rc4 g5 46.
Rxa4 Nf4 47. Nb4 c5 48. Nc2 Nh5+ 49. Kf2 Rb2 50. Rc4 Nf4 51. Ke3 Ne6 52. Kd3
Rxa2 53. Ne3+ Kg6 54. Ng4 h5 55. Nxe5+ Kf5 56. Nd7 Ra3+ 57. Ke2 Nd4+ 58. Kf2
Ra2+ 59. Ke3 Nc2+ 60. Kd3 Ne1+ 61. Ke3 Ng2+ 62. Kd3 Nf4+ 63. Kc3 Ra3+ 64. Kb2
Rxf3 65. Rxc5+ Ke6 66. Nf8+ Ke7 67. Rc8 Nd3+ 68. Kc2 Nb4+ 69. Kd2 Rxf8 70. Rc5
Rd8+ 71. Ke2 Kf6 72. h4 Rd5 73. hxg5+ Kxg5 74. Rc4 Nd3 75. Kf1 h4 76. Kg1 Nf4
77. Rc8 Kg4 78. Kh2 Rd2+ 79. Kg1 Kg3 80. Rg8+ Kh3 0-1

[Event "GBR-ch 91st"]
[Site "Scarborough"]
[Date "2004.08.11"]
[Round "9.21"]
[White "Martyn, Rafe"]
[Black "Lyell, Mark"]
[Result "0-1"]
[WhiteElo "2322"]
[BlackElo "2217"]
[PlyCount "140"]
[EventDate "2004.08.02"]
[EventType "swiss"]
[EventRounds "11"]
[EventCountry "GBR"]

1. d4 e6 2. c4 b6 3. e4 Bb7 4. Bd3 Nc6 5. Ne2 Nb4 6. O-O Ne7 7. Bg5 h6 8. Be3
Nxd3 9. Qxd3 d6 10. Nbc3 Qd7 11. d5 g6 12. f4 Bg7 13. Bd4 Bxd4+ 14. Nxd4 O-O-O
15. b4 c5 16. bxc5 dxc5 17. Nf3 f6 18. Rad1 Ba6 19. d6 Nc6 20. e5 f5 21. Rfe1
Rdg8 22. Nd5 Rg7 23. Nf6 Qb7 24. d7+ Kd8 25. Qd6 Bxc4 26. Nd2 Bb5 27. Rb1 Nd4
28. Rxb5 Nxb5 29. Qxe6 Re7 30. Qc4 Rxd7 31. Nxd7 Qxd7 32. Nf3 Nd4 33. Nxd4
Qxd4+ 34. Qxd4+ cxd4 35. Rd1 Ke7 36. Rxd4 Rc8 37. Rd2 Rc4 38. g3 g5 39. Rf2 Ke6
40. Kg2 b5 41. Kf3 a5 42. Ke3 Re4+ 43. Kd3 b4 44. Kd2 a4 45. Kd3 gxf4 46. gxf4
Kd5 47. Rf1 Rc4 48. Rf2 Rc3+ 49. Kd2 Rh3 50. Kc1 Re3 51. Kd2 Rh3 52. Re2 Ke6
53. Rf2 h5 54. Kc1 h4 55. Rb2 Rc3+ 56. Kd2 Rc4 57. Ke3 Re4+ 58. Kf3 Kd5 59.
Rd2+ Kc4 60. Rd6 b3 61. axb3+ axb3 62. Rb6 Kc3 63. Rc6+ Kd2 64. Rd6+ Kc3 65.
Rc6+ Rc4 66. Rxc4+ Kxc4 67. e6 b2 68. e7 b1=Q 69. e8=Q Qf1+ 70. Ke3 Qe1+ 0-1

[Event "GBR-ch 91st"]
[Site "Scarborough"]
[Date "2004.08.11"]
[Round "9.22"]
[White "Westwood, Richard"]
[Black "Mycroft, Richard"]
[Result "0-1"]
[WhiteElo "2030"]
[BlackElo "2110"]
[PlyCount "72"]
[EventDate "2004.08.02"]
[EventType "swiss"]
[EventRounds "11"]
[EventCountry "GBR"]

1. d4 Nf6 2. Nf3 g6 3. Bg5 Bg7 4. Nbd2 O-O 5. c3 d6 6. e3 c5 7. Bd3 b6 8. O-O
Ba6 9. Bxa6 Nxa6 10. Qe2 Nc7 11. e4 Ne6 12. Be3 cxd4 13. Nxd4 Qd7 14. f3 d5 15.
e5 Ne8 16. f4 N8c7 17. Qg4 Nc5 18. Qh4 f5 19. Rf3 Ne4 20. Rh3 Kf7 21. Nxe4 dxe4
22. e6+ Nxe6 23. Nxf5 Nxf4 24. Bxf4 Qxf5 25. Rf1 Ke8 26. Qxh7 Be5 27. g3 Rd8
28. Rh6 Bxf4 29. Rxf4 Qc5+ 30. Kg2 Rd2+ 31. Kh3 Qc8+ 32. Rg4 Rxh2+ 33. Kxh2
Qxg4 34. Rxg6 Qe2+ 35. Kh3 Qf1+ 36. Kg4 Qf3+ 0-1

[Event "GBR-ch 91st"]
[Site "Scarborough"]
[Date "2004.08.11"]
[Round "9.23"]
[White "Spence, David J"]
[Black "Lee, Graham D"]
[Result "0-1"]
[WhiteElo "2236"]
[BlackElo "2316"]
[PlyCount "86"]
[EventDate "2004.08.02"]
[EventType "swiss"]
[EventRounds "11"]
[EventCountry "GBR"]

1. d4 Nf6 2. Nf3 b5 3. Bg5 Bb7 4. Bxf6 gxf6 5. g3 e6 6. a4 b4 7. Bg2 c5 8. O-O
cxd4 9. Nxd4 Bxg2 10. Kxg2 f5 11. Nd2 Bg7 12. N2b3 O-O 13. Qd2 Qb6 14. a5 Qb7+
15. f3 Rc8 16. Rae1 d5 17. e4 dxe4 18. fxe4 fxe4 19. Kh3 Nc6 20. Nc5 Qe7 21.
Nxc6 Qxc5 22. Nxb4 Rd8 23. Qf4 Qxb4 24. Qxf7+ Kh8 25. Qxe6 Re8 26. Qg4 Re7 27.
c3 Qxa5 28. Rxe4 Rxe4 29. Qxe4 Qh5+ 30. Kg2 Re8 31. Rf5 Rxe4 32. Rxh5 Re2+ 33.
Kf3 Rxb2 34. Ra5 Rb7 35. c4 Rc7 36. Ra4 Bd4 37. Ke4 Bb6 38. Kd5 Rc5+ 39. Ke6
Kg7 40. g4 h5 41. gxh5 Kh6 42. Rb4 Kxh5 43. Rb5 Rxb5 0-1

[Event "GBR-ch 91st"]
[Site "Scarborough"]
[Date "2004.08.11"]
[Round "9.24"]
[White "Ledger, David J"]
[Black "Walton, Alan J"]
[Result "1-0"]
[WhiteElo "2285"]
[BlackElo "2208"]
[PlyCount "97"]
[EventDate "2004.08.02"]
[EventType "swiss"]
[EventRounds "11"]
[EventCountry "GBR"]

1. e4 e6 2. d4 d5 3. Nc3 Nf6 4. Bg5 Be7 5. e5 Nfd7 6. h4 c5 7. Bxe7 Kxe7 8.
dxc5 Nc6 9. Qg4 Kf8 10. Nf3 Ndxe5 11. Nxe5 Nxe5 12. Qg3 Nd7 13. Nb5 a6 14. Qa3
Qe7 15. Nd6 b6 16. b4 a5 17. Rh3 Ba6 18. Bxa6 axb4 19. Qxb4 Rxa6 20. Rb1 g6 21.
c6 Ne5 22. Rc3 Ra7 23. Qxb6 Rc7 24. Nb5 Rxc6 25. Rxc6 Nxc6 26. Qxc6 Qxh4 27.
Qc5+ Kg8 28. Qc8+ Kg7 29. Qc3+ f6 30. Qc7+ Kh6 31. Ke2 Ra8 32. Rb3 Qg4+ 33. Rf3
Rxa2 34. Nd6 e5 35. Nf7+ Kh5 36. Nd6 Kh6 37. Qc3 e4 38. Qxf6 exf3+ 39. gxf3
Rxc2+ 40. Kd1 Rd2+ 41. Kxd2 Qg5+ 42. Qxg5+ Kxg5 43. Ke3 h5 44. f4+ Kf6 45. Nb5
g5 46. Kf3 g4+ 47. Kg3 Kf5 48. Nd4+ Ke4 49. f5 1-0

[Event "GBR-ch 91st"]
[Site "Scarborough"]
[Date "2004.08.11"]
[Round "9.25"]
[White "Hutchinson, Paul A"]
[Black "Pym, Thomas"]
[Result "1-0"]
[WhiteElo "2216"]
[BlackElo "2059"]
[PlyCount "63"]
[EventDate "2004.08.02"]
[EventType "swiss"]
[EventRounds "11"]
[EventCountry "GBR"]

1. e4 c5 2. d4 cxd4 3. c3 dxc3 4. Nxc3 Nc6 5. Nf3 d6 6. Bc4 e6 7. O-O Be7 8.
Qe2 Nf6 9. Rd1 e5 10. h3 O-O 11. Be3 Be6 12. Bxe6 fxe6 13. Qc4 Qc8 14. Rac1 Nd4
15. Qf1 Nxf3+ 16. gxf3 Qd8 17. Nb5 Ne8 18. Qc4 Qd7 19. Nxa7 Rxa7 20. Bxa7 b5
21. Qb3 Qxa7 22. Qxe6+ Kh8 23. Rc8 Bh4 24. Rd2 Qe7 25. Qxe7 Bxe7 26. Rd5 Nf6
27. Rxf8+ Bxf8 28. Rxb5 Kg8 29. a4 Ne8 30. Rb7 d5 31. exd5 Bc5 32. b4 1-0

[Event "GBR-ch 91st"]
[Site "Scarborough"]
[Date "2004.08.11"]
[Round "9.26"]
[White "Burrows, Martin"]
[Black "Clarke, Thomas"]
[Result "0-1"]
[WhiteElo "2226"]
[BlackElo "2132"]
[PlyCount "52"]
[EventDate "2004.08.02"]
[EventType "swiss"]
[EventRounds "11"]
[EventCountry "GBR"]

1. e4 d6 2. d4 f5 3. Nc3 Nf6 4. Qf3 Nc6 5. Bb5 fxe4 6. Bxc6+ bxc6 7. Nxe4 Nxe4
8. Qxe4 Qd7 9. Ne2 Ba6 10. O-O O-O-O 11. Re1 Re8 12. Be3 e5 13. dxe5 Rxe5 14.
Qa4 Bb7 15. Rad1 Be7 16. Rd3 Rf8 17. Rb3 Rb5 18. Rd1 Qf5 19. Nd4 Qg4 20. f3
Rxf3 21. Rd2 Rxb3 22. Qxb3 Rf6 23. Qg8+ Bf8 24. b4 c5 25. bxc5 Bxg2 26. Nf5
Bd5+ 0-1

[Event "GBR-ch 91st"]
[Site "Scarborough"]
[Date "2004.08.11"]
[Round "9.27"]
[White "Surtees, Michael"]
[Black "Briscoe, Christopher"]
[Result "0-1"]
[WhiteElo "2239"]
[BlackElo "2157"]
[PlyCount "92"]
[EventDate "2004.08.02"]
[EventType "swiss"]
[EventRounds "11"]
[EventCountry "GBR"]

1. e4 e5 2. a3 Nf6 3. d3 d5 4. f4 exf4 5. Bxf4 dxe4 6. Nc3 exd3 7. Bxd3 Bd6 8.
Qd2 Bg4 9. Nge2 O-O 10. Bg5 Nbd7 11. O-O Be7 12. h3 Bxe2 13. Bxe2 Nc5 14. Qe3
Ne6 15. Bxf6 Bxf6 16. Kh1 Qd4 17. Qf3 Ng5 18. Qf5 Rae8 19. Rad1 Qe5 20. Qg4 Qe6
21. Qxe6 fxe6 22. Bd3 Bxc3 23. bxc3 Rxf1+ 24. Rxf1 g6 25. Kg1 Kg7 26. h4 Nf7
27. Re1 e5 28. c4 b6 29. Be4 Rd8 30. Bd5 Re8 31. a4 a5 32. c5 bxc5 33. Rb1 Nd6
34. c4 e4 35. Kf2 Kf6 36. Ke2 Ke5 37. Bc6 Rf8 38. Rd1 Rf5 39. g4 Rf4 40. Rd5+
Ke6 41. Rxc5 Rxg4 42. h5 Rg2+ 43. Ke3 Nf5+ 44. Kxe4 Kd6 45. Rxa5 Kxc6 46. Ke5
Nd6 0-1

[Event "GBR-ch 91st"]
[Site "Scarborough"]
[Date "2004.08.11"]
[Round "9.28"]
[White "Kafka, Graeme"]
[Black "Rayner, Francis"]
[Result "1/2-1/2"]
[WhiteElo "2143"]
[BlackElo "2252"]
[PlyCount "50"]
[EventDate "2004.08.02"]
[EventType "swiss"]
[EventRounds "11"]
[EventCountry "GBR"]

1. e4 Nf6 2. e5 Nd5 3. c4 Nb6 4. d4 d6 5. exd6 cxd6 6. Nc3 g6 7. Nf3 Bg4 8. h3
Bxf3 9. Qxf3 Nc6 10. Be3 Bg7 11. Rd1 O-O 12. Be2 Qc8 13. O-O e5 14. d5 Ne7 15.
Nb5 Nf5 16. Nxa7 Rxa7 17. Bxb6 Rxa2 18. Qb3 Qa8 19. Bg4 Nd4 20. Bxd4 exd4 21.
Qb4 f5 22. Bf3 Be5 23. c5 Ra4 24. Qb6 Ra6 25. Qb4 Ra4 1/2-1/2

[Event "GBR-ch 91st"]
[Site "Scarborough"]
[Date "2004.08.11"]
[Round "9.29"]
[White "Nixon, Thomas"]
[Black "Almond, Philip"]
[Result "1-0"]
[WhiteElo "2198"]
[BlackElo "2131"]
[PlyCount "61"]
[EventDate "2004.08.02"]
[EventType "swiss"]
[EventRounds "11"]
[EventCountry "GBR"]

1. d4 Nf6 2. c4 e6 3. Nf3 c5 4. d5 exd5 5. cxd5 d6 6. Nc3 g6 7. Nd2 Bg7 8. Nc4
Nh5 9. Qa4+ Ke7 10. Ne4 b5 11. Qxb5 Ba6 12. Qb3 Bxc4 13. Qxc4 Re8 14. g3 Kf8
15. Bg2 Qb6 16. O-O Nd7 17. Rb1 h6 18. Qc2 Ne5 19. b4 cxb4 20. Be3 Qa6 21. Nxd6
Red8 22. Ne4 Rac8 23. Qb3 Qxe2 24. Bc5+ Kg8 25. Bxb4 Nd3 26. Be7 Rd7 27. d6 Ne5
28. Qb5 Qxa2 29. Nc5 a6 30. Qb4 Qc4 31. Qxc4 1-0

[Event "GBR-ch 91st"]
[Site "Scarborough"]
[Date "2004.08.11"]
[Round "9.30"]
[White "Hempson, Peter"]
[Black "Ledger, Stephen C"]
[Result "1/2-1/2"]
[WhiteElo "2172"]
[BlackElo "2203"]
[PlyCount "44"]
[EventDate "2004.08.02"]
[EventType "swiss"]
[EventRounds "11"]
[EventCountry "GBR"]

1. d4 Nf6 2. c4 c5 3. d5 b5 4. cxb5 a6 5. bxa6 g6 6. e3 Bg7 7. Nc3 O-O 8. Nf3
d6 9. Be2 Bxa6 10. O-O Nbd7 11. a4 Bxe2 12. Qxe2 Qb6 13. e4 Rfb8 14. Bd2 Ne8
15. Rfb1 Nc7 16. Nd1 Qb3 17. Bg5 f6 18. Bd2 Rxa4 19. Bc3 Rxa1 20. Rxa1 Nb5 21.
Kf1 Nxc3 22. bxc3 Qb6 1/2-1/2

[Event "GBR-ch 91st"]
[Site "Scarborough"]
[Date "2004.08.11"]
[Round "9.31"]
[White "Bryant, Richard"]
[Black "Smith, Graham"]
[Result "0-1"]
[WhiteElo "1872"]
[BlackElo "2157"]
[PlyCount "126"]
[EventDate "2004.08.02"]
[EventType "swiss"]
[EventRounds "11"]
[EventCountry "GBR"]

1. e4 d6 2. d4 Nf6 3. Nc3 g6 4. f4 Bg7 5. Nf3 O-O 6. Bd3 Nc6 7. O-O Bg4 8. Be3
e5 9. fxe5 dxe5 10. d5 Nd4 11. Qd2 Bxf3 12. gxf3 Nh5 13. Ne2 f5 14. c4 f4 15.
Bxd4 exd4 16. Nc1 c5 17. Kh1 Be5 18. Rf2 Qh4 19. Kg1 b6 20. Rg2 Nf6 21. Qf2 Qh5
22. Kf1 Kh8 23. Ke2 g5 24. Kd2 Rg8 25. Ne2 Qh3 26. Ng1 Qc8 27. h3 Qc7 28. a4
Rg6 29. b3 Rag8 30. Ke1 Kg7 31. a5 bxa5 32. Qa2 Qb6 33. Qa4 Kh8 34. Ra3 Rb8 35.
Rb2 Rg7 36. Qxa5 Qd6 37. Qa6 Rb6 38. Qc8+ Rg8 39. Qf5 a6 40. Rg2 h6 41. Kd2 Nh5
42. h4 Ng3 43. Qf7 gxh4 44. Rh2 Qf6 45. Qxf6+ Bxf6 46. Nh3 Nh5 47. Nf2 Rg1 48.
Ng4 Bg5 49. e5 Kg7 50. Kc2 Ng3 51. Ra5 h3 52. Rd2 Nf1 53. Bxf1 Rxf1 54. Rxc5
Rxf3 55. Rc7+ Kf8 56. e6 Rc3+ 57. Kd1 d3 58. Ne5 Rbxb3 59. Ra2 f3 60. Ke1 Rc2
61. e7+ Ke8 62. Rc8+ Kxe7 63. d6+ Kxd6 0-1

[Event "GBR-ch 91st"]
[Site "Scarborough"]
[Date "2004.08.12"]
[Round "10.2"]
[White "Wells, Peter"]
[Black "Emms, John"]
[Result "1/2-1/2"]
[WhiteElo "2494"]
[BlackElo "2508"]
[PlyCount "82"]
[EventDate "2004.08.02"]
[EventType "swiss"]
[EventRounds "11"]
[EventCountry "GBR"]

1. Nf3 c5 2. c4 Nf6 3. Nc3 e6 4. g3 b6 5. Bg2 Bb7 6. O-O Be7 7. d4 cxd4 8. Qxd4
O-O 9. Rd1 Nc6 10. Qf4 Qb8 11. b3 Rd8 12. Qxb8 Raxb8 13. Bb2 a6 14. Nd2 Kf8 15.
Nde4 Na5 16. Rac1 b5 17. Nxf6 Bxf6 18. Ba3+ Be7 19. Bxe7+ Kxe7 20. Bxb7 Rxb7
21. c5 Rc7 22. Ne4 b4 23. Rd6 f5 24. Rxa6 Nb7 25. Nd2 Rxc5 26. Rxc5 Nxc5 27.
Ra5 Rc8 28. Rb5 Na6 29. Nc4 Ra8 30. f3 Nc7 31. Rxb4 Rxa2 32. Kf2 Nd5 33. Ra4
Rc2 34. Ra7 g5 35. Ne5 Nf6 36. Nd3 g4 37. b4 Rc3 38. Ra2 gxf3 39. Kxf3 e5 40.
Kg2 e4 41. Nf4 Rb3 1/2-1/2

[Event "GBR-ch 91st"]
[Site "Scarborough"]
[Date "2004.08.12"]
[Round "10.3"]
[White "Arakhamia-Grant, Ketevan"]
[Black "Greet, Andrew"]
[Result "0-1"]
[WhiteElo "2446"]
[BlackElo "2310"]
[PlyCount "150"]
[EventDate "2004.08.02"]
[EventType "swiss"]
[EventRounds "11"]
[EventCountry "GBR"]

1. e4 c5 2. Nf3 Nc6 3. d4 cxd4 4. Nxd4 g6 5. c4 Bg7 6. Be3 Nf6 7. Nc3 O-O 8.
Be2 d6 9. O-O Bd7 10. f3 Qb6 11. Ncb5 a6 12. Nc2 Qa5 13. Nbd4 Rfc8 14. a4 Be8
15. Nxc6 bxc6 16. b4 Qc7 17. a5 Nd7 18. Ra2 c5 19. Qd2 cxb4 20. Nxb4 e6 21. Rd1
Ne5 22. c5 dxc5 23. Nxa6 Qe7 24. f4 c4 25. fxe5 Rxa6 26. Qc3 Qc7 27. Bd4 Rca8
28. Rda1 Bb5 29. Kh1 h5 30. h3 Qc6 31. Rb2 Rc8 32. Rab1 Ba4 33. Rb8 Ra8 34.
R8b6 Qc7 35. R1b4 Bb3 36. R4b5 Qe7 37. a6 Qd7 38. Ra5 Rd8 39. Rd6 Qc7 40. Rxd8+
Qxd8 41. a7 Bf8 42. Ra6 Qc8 43. Qa5 Bc2 44. Bf3 Qb7 45. Qb6 Qxb6 46. Bxb6 Bd3
47. Be3 c3 48. Rc6 c2 49. Rc3 Kg7 50. Kh2 Rxa7 51. Rxd3 Ra1 52. Rc3 Ra3 53.
Rxc2 Rxe3 54. Kg3 Rb3 55. Rc7 Rb5 56. Kf4 Bc5 57. Be2 Ra5 58. Rb7 Ra3 59. Bc4
Kh6 60. Bb3 Bd4 61. h4 Bf2 62. g3 Be1 63. Kf3 Bc3 64. Kf4 Kg7 65. g4 Kh6 66.
g5+ Kg7 67. Kg3 Bxe5+ 68. Kg2 Ra6 69. Bc4 Rc6 70. Bb5 Rc2+ 71. Kf3 Rc3+ 72. Ke2
Kf8 73. Ra7 Rh3 74. Ra8+ Kg7 75. Ra7 Rxh4 0-1

[Event "GBR-ch 91st"]
[Site "Scarborough"]
[Date "2004.08.12"]
[Round "10.4"]
[White "Jones, Gawain"]
[Black "Williams, Simon K"]
[Result "0-1"]
[WhiteElo "2453"]
[BlackElo "2427"]
[PlyCount "76"]
[EventDate "2004.08.02"]
[EventType "swiss"]
[EventRounds "11"]
[EventCountry "GBR"]

1. e4 e6 2. d4 d5 3. Nd2 Nc6 4. Ngf3 Nf6 5. e5 Nd7 6. c4 dxc4 7. Bxc4 Nb6 8.
Bb5 Qd5 9. Bxc6+ Qxc6 10. O-O h6 11. Re1 Nd5 12. Ne4 b6 13. Bd2 Bb7 14. Rc1 Qd7
15. a3 O-O-O 16. b4 Kb8 17. Qb3 f5 18. exf6 gxf6 19. Qd3 Rg8 20. Qe2 Re8 21.
Ng3 Qg7 22. Nh4 Bd6 23. Nhf5 exf5 24. Qxe8+ Rxe8 25. Rxe8+ Bc8 26. Nxf5 Qd7 27.
Nxd6 Qxd6 28. Bxh6 Kb7 29. Ree1 Bd7 30. Rc2 Bb5 31. h4 Qd7 32. Rec1 Qh7 33. Be3
Qxh4 34. g3 Qe4 35. Bf4 c6 36. Bd6 Qf3 37. a4 Bxa4 38. Ra2 Ne3 0-1

[Event "GBR-ch 91st"]
[Site "Scarborough"]
[Date "2004.08.12"]
[Round "10.5"]
[White "Motwani, Paul"]
[Black "Hanley, Craig A"]
[Result "1-0"]
[WhiteElo "2552"]
[BlackElo "2356"]
[PlyCount "107"]
[EventDate "2004.08.02"]
[EventType "swiss"]
[EventRounds "11"]
[EventCountry "GBR"]

1. c4 Nf6 2. Nc3 g6 3. e4 d6 4. Nge2 Bg7 5. d4 O-O 6. f3 a6 7. Be3 c6 8. g4 e5
9. Ng3 exd4 10. Bxd4 c5 11. Be3 Nc6 12. Qd2 Qa5 13. Be2 Be6 14. O-O Nd4 15.
Rac1 b5 16. b3 Rfe8 17. Kg2 bxc4 18. Bxc4 Bxc4 19. bxc4 Nd7 20. Nge2 Ne5 21.
Nxd4 cxd4 22. Bxd4 Nxc4 23. Qf2 Bxd4 24. Qxd4 Nb6 25. Rb1 Rab8 26. Rf2 Qc5 27.
Qxc5 dxc5 28. Rfb2 Nd7 29. Nd5 Kg7 30. g5 h6 31. gxh6+ Kxh6 32. Rb7 c4 33. Kf2
f5 34. exf5 gxf5 35. Rxb8 Rxb8 36. Rxb8 Nxb8 37. Ne3 c3 38. Nxf5+ Kg5 39. Ne3
Nc6 40. Ke2 Nd4+ 41. Kd3 Nxf3 42. Nf1 Kg4 43. Kxc3 Kh3 44. a4 Kg2 45. Nd2 Nxh2
46. Kb4 Kf2 47. Ka5 Ke3 48. Kxa6 Ng4 49. a5 Nh6 50. Kb7 Nf5 51. Nc4+ Kd4 52. a6
Kxc4 53. a7 Nd6+ 54. Kc6 1-0

[Event "GBR-ch 91st"]
[Site "Scarborough"]
[Date "2004.08.12"]
[Round "10.6"]
[White "Ledger, Andrew J"]
[Black "Palliser, Richard"]
[Result "1-0"]
[WhiteElo "2452"]
[BlackElo "2411"]
[PlyCount "91"]
[EventDate "2004.08.02"]
[EventType "swiss"]
[EventRounds "11"]
[EventCountry "GBR"]

1. e4 Nf6 2. e5 Nd5 3. d4 d6 4. Nf3 dxe5 5. Nxe5 c6 6. Bc4 Nd7 7. Nf3 N7f6 8.
h3 Bf5 9. O-O h6 10. Bb3 e6 11. c4 Nb6 12. Nc3 Be7 13. Qe2 O-O 14. Bf4 a5 15.
a3 Re8 16. Rfd1 a4 17. Ba2 Nbd7 18. Bb1 Bxb1 19. Raxb1 Qa5 20. Rd3 Qh5 21. Re1
Nf8 22. Bh2 Qa5 23. Ne5 Red8 24. Bf4 N6d7 25. Ng4 Bg5 26. Bd6 Ng6 27. g3 Nb6
28. c5 Nc8 29. h4 Be7 30. h5 Nf8 31. Bf4 Qa6 32. Red1 b6 33. Qf3 bxc5 34. Bxh6
f5 35. Ne5 gxh6 36. g4 Rxd4 37. gxf5 exf5 38. Qxf5 Nd6 39. Rg3+ Bg5 40. Qf6 Kh7
41. Rxg5 hxg5 42. Rxd4 cxd4 43. Ne4 Nxe4 44. Qf7+ Kh8 45. Ng6+ Nxg6 46. hxg6
1-0

[Event "GBR-ch 91st"]
[Site "Scarborough"]
[Date "2004.08.12"]
[Round "10.7"]
[White "Hebden, Mark"]
[Black "Gormally, Daniel W"]
[Result "1-0"]
[WhiteElo "2559"]
[BlackElo "2479"]
[PlyCount "109"]
[EventDate "2004.08.02"]
[EventType "swiss"]
[EventRounds "11"]
[EventCountry "GBR"]

1. d4 Nf6 2. Nf3 c5 3. d5 b5 4. Bg5 Ne4 5. Qd3 Nxg5 6. Nxg5 g6 7. h4 Bg7 8. c3
h6 9. Nf3 c4 10. Qd2 Bb7 11. Na3 Qb6 12. e4 Na6 13. Nd4 Nc7 14. h5 g5 15. Nac2
e6 16. a4 exd5 17. axb5 O-O 18. Be2 Ne6 19. exd5 Nxd4 20. Nxd4 Bxd4 21. Qxd4
Qxd4 22. cxd4 Bxd5 23. O-O Rab8 24. Ra5 Rfe8 25. Bg4 Be6 26. Bf3 g4 27. Be4 d5
28. Bc2 Bd7 29. Rxa7 Bxb5 30. Bf5 Re2 31. Bxg4 Rxb2 32. Rc7 c3 33. Rc1 Rd2 34.
R1xc3 Bd3 35. Rd7 Be4 36. Bf3 Bxf3 37. Rxf3 Rxd4 38. Rfxf7 Rb1+ 39. Kh2 Rh4+
40. Kg3 Rxh5 41. f4 Rb3+ 42. Kg4 Rh2 43. Rg7+ Kf8 44. Kf5 h5 45. Rh7 Kg8 46.
Rdg7+ Kf8 47. Ra7 Kg8 48. g4 d4 49. Rhd7 Rb5+ 50. Kg6 Rb6+ 51. Kg5 Rb8 52. Rg7+
Kf8 53. Rh7 Kg8 54. Rag7+ Kf8 55. Rd7 1-0

[Event "GBR-ch 91st"]
[Site "Scarborough"]
[Date "2004.08.12"]
[Round "10.8"]
[White "Knott, Simon"]
[Black "Summerscale, Aaron"]
[Result "1/2-1/2"]
[WhiteElo "2359"]
[BlackElo "2493"]
[PlyCount "82"]
[EventDate "2004.08.02"]
[EventType "swiss"]
[EventRounds "11"]
[EventCountry "GBR"]

1. Nf3 e6 2. c4 b6 3. g3 Bb7 4. Bg2 c5 5. O-O Nf6 6. Nc3 d6 7. Re1 a6 8. e4 Be7
9. d4 cxd4 10. Nxd4 Qc7 11. Be3 O-O 12. Rc1 Re8 13. f4 Bf8 14. f5 Kh8 15. g4
Nfd7 16. g5 Nc6 17. Nd5 Qd8 18. Nxc6 Bxc6 19. Nf4 Ne5 20. Qh5 g6 21. fxg6 fxg6
22. Qh3 Bd7 23. Qg3 Rc8 24. b3 b5 25. cxb5 axb5 26. h4 Qa5 27. h5 Kg8 28. hxg6
hxg6 29. Qf2 Bg7 30. Qd2 Qxd2 31. Bxd2 Rf8 32. Rxc8 Rxc8 33. Rc1 Rxc1+ 34. Bxc1
Kf7 35. Ba3 Bf8 36. Kf2 Be7 37. Kg3 Bxg5 38. Bxd6 Bf6 39. Bf1 g5 40. Nd3 Nxd3
41. Bxd3 e5 1/2-1/2

[Event "GBR-ch 91st"]
[Site "Scarborough"]
[Date "2004.08.12"]
[Round "10.9"]
[White "Houska, Jovanka"]
[Black "Gwaze, Robert"]
[Result "0-1"]
[WhiteElo "2375"]
[BlackElo "2376"]
[PlyCount "86"]
[EventDate "2004.08.02"]
[EventType "swiss"]
[EventRounds "11"]
[EventCountry "GBR"]

1. e4 e5 2. Nf3 Nc6 3. Bb5 a6 4. Ba4 Nf6 5. O-O Be7 6. Re1 b5 7. Bb3 d6 8. c3
O-O 9. h3 Na5 10. Bc2 c5 11. d3 Bb7 12. Nbd2 Re8 13. Nf1 Bf8 14. Bg5 h6 15. Bh4
g6 16. Qd2 g5 17. Bg3 Nh5 18. Ne3 Nf4 19. Nf5 Bc8 20. b4 Nc6 21. d4 Bxf5 22.
exf5 exd4 23. Rxe8 Qxe8 24. Bxf4 dxc3 25. Qxc3 gxf4 26. bxc5 dxc5 27. Re1 Qd8
28. Rd1 Qc7 29. f6 Rd8 30. Re1 Qa5 31. Qa1 c4 32. Qc1 Nd4 33. Nxd4 Rxd4 34. Re2
Qb6 35. Re8 Qxf6 36. Qa3 Rd6 37. Qf3 Re6 38. Rc8 Kg7 39. Qa8 f3 40. g3 Qc3 41.
Bd3 Qxd3 42. Rxf8 Re1+ 43. Kh2 Rh1+ 0-1